| 000 | 00970nam a2200205Ii 4500 | ||
|---|---|---|---|
| 003 | JO-AjNU | ||
| 008 | 230605s9999||||xx |||||||||||||| ||und|| | ||
| 017 | _a1999/12/2280 | ||
| 040 |
_aJO-AjNU _bara _erda _cJO-AjNU |
||
| 041 | _aara | ||
| 050 | 1 | 4 | _aBP144.M87 1900 |
| 100 | 3 |
_aجامعة الزرقاء الاهلية - مؤتمر؛ تحرير: احمد مفلح القضاة ، عدنان حسن عزايزة, _eauthor _948486 |
|
| 245 | 0 | 0 | _aمؤتمر كلية الشريعة الأول: المستجدات الفقهية استحالة النجاسات وأثرها في حل الأشياء وطهارتها 2-3 ربيع الثاني 1419هـ 25-26 تموز 1998 |
| 264 | 3 | 1 | _aعمان: جامعة الزرقاء الأهلية، د.ت |
| 300 | _a428ص | ||
| 336 |
_atext _btxt _2rdacontent |
||
| 337 |
_aunmediated _bn _2rdamedia |
||
| 338 |
_avolume _bnc _2rdacarrier |
||
| 650 | 4 |
_aالطهارة- فقه اسلامي- مؤتمرات- العبادات _948487 |
|
| 999 |
_aA21237 _c24805 _d24805 |
||